000 04374nas a22002657a 4500
003 NALT
005 20250319131923.0
006 a|||p|r|||| 00| 0
007 ta
008 250319b th |||p| |||| 00| 0 tha d
040 _aNALT
041 _atha
245 0 0 _aนิติศาสตร์ มหาวิทยาลัยธรรมศาสตร์ ปีที่ 36 ฉบับที่ 1-2 (มี.ค.-มิ.ย. 2550)
260 _aคณะนิติศาสตร์ มหาวิทยาลัยธรรมศาสตร์
310 _aรายสามเดือน
500 _aวารสารเย็บเล่ม
505 2 _aปีที่ 36 ฉบับที่ 1 มี.ค. 2550 -- ความเป็นมาและเจตนารมณ์ของรัฐธรรมนูญแห่งราชอาณาจักรไทย พุทธศักราช 2550 -- เทคนิคการควบคุมความชอบด้วยรัฐธรรมนูญของกฎหมาย โดยตุลาการรัฐธรรมนูญฝรั่งเศส -- การควบคุมตรวจสอบการกระทำทางนิติบัญญัติโดยองค์กรตุลาการ -- อนุญาโตตุลาการในสัญญาทางปกครอง : หลักกฎหมายและแนวปฏิบัติ -- การปรับปรุงกฎหมายเกี่ยวกับการศึกษาตามบทบัญญัติมาตรา 303 ของรัฐธรรมนูญแห่งราชอาณาจักรไทย พุทธศักราช 2550 -- The boundary between the private and public sectors: an essay in fiscal and monetary legislation -- การเปิดเผยข้อมูลข่าวสารตามคำขอเฉพาะรายพิจารณาในเชิงรูปแบบ.
_aปีที่ 36 ฉบับที่ 2 มิ.ย. 2550 -- ปัญหาข้อกฎหมายในการเก็บทรัพย์สินอันตกหรือทิ้งทะเล หรือทางน้ำ หรือน้ำซัดขึ้นฝั่ง -- องค์กรของรัฐกับการคุ้มครองสิทธิในกฎหมายทรัพย์สิน ทางปัญญา: ศึกษาเปรียบเทียบระหว่างกฎหมายไทยและกฎหมายฝรั่งเศส -- การเลือกกฎหมายเพื่อใช้บังคับกับสัญญาระหว่างประเทศ -- การออกคำสั่งทางปกครองของผู้บริหาร มหาวิทยาลัยของรัฐกับความรับผิดทางกฎหมาย -- การอภิปรายไม่ไว้วางใจ: อาวุธที่ไร้พิษสงของฝ่ายนิติบัญญัติ? -- ปัญหาการใช้กระบวนการยุติธรรมเชิงสมานฉันท์กับการระงับ ข้อพิพาทคดีอาญาในขั้นตอนก่อนฟ้องคดี -- บทบาทในปัจจุบันของศาลตรวจเงินแผ่นดินแห่งสาธารณรับฝรั่งเศส -- ข้อสังเกตทางกฎหมายบางประการเกี่ยวกับการใช้ดาวเทียม สำรวจทรัพยากรในการจัดการภัยพิบัติ -- คำพิพากษาฎีกาที่ 1572/2552.
650 0 _aกฎหมายการศึกษา
_xการปรับปรุง
_965216
850 _aNALT
866 _aปีที่ 36 ฉบับที่ 1 (มี.ค. 2550)
866 _aปีที่ 36 ฉบับที่ 2 (มิ.ย. 2550)
942 _cBOUND
996 _aaroonthip.c
_bLIBSTF
_c2025-03-19
999 _c106404
_d106404
998 _h179
_j179
_k อรุณทิพย์ จันทร์ดิษฐ์